000 00511nam a2200193Ia 4500
008 220216s9999 xx 000 0 und d
100 _aGomez J B
245 4 _aThe Brown bast syndrome of Hevea Part II. Histological observations
260 _bJournal of Natural Rubber Research
_c1990
300 _a90-101
500 _aSource Year: 1992
650 _aBrown bast
650 _aHevea brasiliensis
700 _aGhandimathi H
700 _aHamzah S
700 _aHo L H
856 _uHOA
942 _cJS
999 _c70486
_d70486